The Antecedents and Outcomes of Sports Sponsorships: A Study on the Fans of Panthinaikos BC (Record no. 8447)
[ view plain ]
| 000 -LEADER | |
|---|---|
| fixed length control field | 01168cam a22001934a 4500 |
| 005 - ΗΜΕΡΟΜΗΝΙΑ ΚΑΙ ΩΡΑ ΤΕΛΕΥΤΑΙΑΣ ΕΝΗΜΕΡΩΣΗΣ | |
| Πεδίο ελέγχου | 20250605164336.0 |
| 008 - FIXED-LENGTH DATA ELEMENTS--GENERAL INFORMATION | |
| Πεδίο ελέγχου σταθερού μήκους | 250528s ||||||||||||||||||||||||d |
| 035 ## - SYSTEM CONTROL NUMBER | |
| System control number | 23437 |
| 040 ## - ΠΗΓΗ ΚΑΤΑΛΟΓΟΓΡΑΦΗΣΗΣ | |
| Φορέας πρωτότυπης καταλογογράφησης | MC Athens Campus Library |
| Γλώσσα καταλογογράφησης | Ελληνικά, Μοντέρνα (1453-) |
| Modifying agency | MC Athens Campus Library |
| Κανόνες περιγραφικής καταλογογράφησης | AACR2 |
| 245 1# - ΤΙΤΛΟΣ ΚΑΙ ΔΗΛΩΣΗ ΥΠΕΥΘΥΝΟΤΗΤΑΣ | |
| Τίτλος | The Antecedents and Outcomes of Sports Sponsorships: A Study on the Fans of Panthinaikos BC |
| 260 ## - PUBLICATION, DISTRIBUTION, ETC. | |
| Date of publication, distribution, etc. | 2018 |
| 300 ## - PHYSICAL DESCRIPTION | |
| Extent | 66 |
| 520 ## - SUMMARY, ETC. | |
| Summary, etc. | Acknowledgements, Introduction, Research Question and Objectives and Hypotheses, Literature Review: Sponsorship and Marketing, Marketing Communication, Definition of Sponsorship, Sponsorsip: The Early Stages, Why Sponsorships are so Effective?, Top Sponsorship Deals in Basketball and Worldwide Breakdown, Sponsorships of Panathinaikos B.C., Hypotheses Development, Conceptual Framework, Research Design and Methodology, Reliability Analysis, Statistical Analysis, Discussion and Conclusions and Recommendations, Scientific Implications, Managerial Implications and Recommendations, Limitations and Future Research, Personal Reflection, References. |
| 700 1# - ΠΡΟΣΘΕΤΗ ΑΝΑΓΡΑΦΗ--ΦΥΣΙΚΟ ΠΡΟΣΩΠΟ | |
| Personal name | Keramas Michail |
| 9 (RLIN) | 9001 |
| 700 1# - ΠΡΟΣΘΕΤΗ ΑΝΑΓΡΑΦΗ--ΦΥΣΙΚΟ ΠΡΟΣΩΠΟ | |
| Personal name | Kyriakopoulos Nicholas |
| 9 (RLIN) | 9002 |
| 942 ## - ADDED ENTRY ELEMENTS (KOHA) | |
| Koha item type | Διπλωματική εργασία |
| Τύπος τεκμηρίου | Βιβλιοθήκη | Τρέχουσα τοποθεσία | Barcode | Ημερομηνία απόκτησης | Ταξιθετικό σύμβολο | Αριθμός αντιτύπου | Κατάσταση απόσυρσης | Κατάσταση χαμένου | Κατάσταση κατεστραμμένου | Μη δανεισμός | Σύνολο δανεισμών | Ημερομηνία τελευταίας εμφάνισης | Η τιμή ισχύει από |
|---|---|---|---|---|---|---|---|---|---|---|---|---|---|
| Διπλωματική εργασία | MC Athens Campus Library | MC Athens Campus Library | 9780000084460 | 05/06/2025 | ENG 2018 (6) | 1 | 05/06/2025 | 05/06/2025 |